| 000 -CABECERA |
| Longitud fija campo de control |
01146nam a2200349 a 4500 |
| 001 - NÚMERO DE CONTROL |
| Número de control |
991001905579706706 |
| 003 - IDENTIFICADOR DEL NÚMERO DE CONTROL |
| Identificador del número de control |
OSt |
| 005 - FECHA Y HORA DE LA ÚLTIMA TRANSACCIÓN |
| Fecha y hora de la última transacción |
20211209120600.0 |
| 008 - CÓDIGOS DE INFORMACIÓN DE LONGITUD FIJA |
| Códigos de información de longitud fija |
050527s1987 spc|||||||||||00| ||spa |
| 015 ## - NÚMERO DE BIBLIOGRAFÍA NACIONAL |
| Número de bibliografía nacional |
LL2005 |
| Fuente |
bnc |
| 017 ## - NÚMERO DE COPYRIGHT O DE DEPÓSITO LEGAL |
| Número de copyright o de depósito legal |
DL B. 26873-1987 |
| Agencia que asigna el número |
Biblioteca de Catalunya |
| 020 ## - NÚMERO INTERNACIONAL NORMALIZADO PARA LIBROS |
| Número Internacional Normalizado para Libros (ISBN) |
8432044067 |
| 035 ## - NÚMERO DE CONTROL DEL SISTEMA |
| Número de control del sistema |
(ES-BaCBU)b10419901-34csuc_network |
| 035 ## - NÚMERO DE CONTROL DEL SISTEMA |
| Número de control del sistema |
(ES-BaCBU).b10419901 |
| 035 ## - NÚMERO DE CONTROL DEL SISTEMA |
| Número de control del sistema |
(ccuc001)b10419901 |
| 035 ## - NÚMERO DE CONTROL DEL SISTEMA |
| Número de control del sistema |
(OCoLC)801927747 |
| 040 ## - FUENTE DE LA CATALOGACIÓN |
| Centro catalogador de origen |
ES-BaBC |
| Lengua de catalogación |
cat |
| Centro transcriptor |
CDMR |
| 080 ## - NÚMERO DE LA CLASIFICACIÓN DECIMAL UNIVERSAL |
| Número de la Clasificación Decimal Universal |
929 |
| 100 1# - PUNTO DE ACCESO PRINCIPAL-NOMBRE DE PERSONA |
| Nombre de persona |
Soler Serrano, Joaquín. |
| 245 10 - MENCIÓN DE TÍTULO |
| Título |
Personajes a fondo / |
| Mención de responsabilidad, etc. |
Joaquín Soler Serrano ; prólogo de Camilo José Cela |
| 260 ## - PUBLICACIÓN, DISTRIBUCIÓN, ETC. (PIE DE IMPRENTA) |
| Lugar de publicación, distribución, etc. |
Barcelona : |
| Nombre del editor, distribuidor, etc. |
Planeta, |
| Fecha de publicación, distribución, etc. |
1987 |
| 300 ## - DESCRIPCIÓN FÍSICA |
| Extensión |
VIII, 319 p. : |
| Otras características físicas |
il. ; |
| Dimensiones |
21 cm |
| 490 1# - MENCIÓN DE SERIE |
| Mención de serie |
Documento ; |
| Designación de volumen o secuencia |
223 |
| 650 #0 - PUNTO DE ACCESO ADICIONAL DE MATERIA - TÉRMINO DE MATERIA |
| Término de materia o nombre geográfico como elemento inicial |
Intervius televisius |
| 9 (RLIN) |
4640 |
| 700 1# - PUNTO DE ACCESO ADICIONAL - NOMBRE DE PERSONA |
| Nombre de persona |
Cela, Camilo José |
| 9 (RLIN) |
1298 |
| 830 #0 - PUNTO DE ACCESO ADICIONAL DE SERIE - TÍTULO UNIFORME |
| Título uniforme |
Documento (Editorial Planeta) ; |
| Designación de volumen o secuencia |
223 |
| 907 ## - ELEMENTO G DATOS LOCALES, GDL (RLIN) |
| a |
.b10419901 |
| b |
15-06-21 |
| c |
06-05-08 |
| d |
07-05-08 |
| e |
m |
| f |
a |
| g |
- |
| h |
spa |
| i |
spc |
| j |
0 |
| k |
5 |
| 908 ## - CONTROL DE PARÁMETROS (RLIN) |
| Parametro de comando lanzado |
BC |
| -- |
BPA |
| -- |
UB |
| -- |
URV |
| 940 ## - |
| T&íacute;tulo uniforme |
<a href="BC">BC</a> |
| 942 ## - ENTRADA DE ELEMENTOS AGREGADOS (KOHA) |
| Fuente de clasificaión o esquema |
|
| Koha [por defecto] tipo de item |
Monografies |
| 949 ## - TRATAMIENTO DE LA INFORMACIÓN LOCAL (OCLC) |
| a |
1000061848 |
| b |
147-7-31 |
| c |
1 |
| d |
0 |
| e |
0 |
| f |
19.11.04 |
| g |
1 |
| k |
1000 |
| m |
19.11.04 |
| n |
19.11.04 |
| o |
0 |